Administración y Dirección Técnica de la producción (Registro nro. 4207)
[ vista simple ]
| 000 -LEADER | |
|---|---|
| fixed length control field | 02045 a2200241 4500 |
| 001 - CONTROL NUMBER | |
| control field | 46569 |
| 005 - DATE AND TIME OF LATEST TRANSACTION | |
| control field | 20260407155736.0 |
| 008 - FIXED-LENGTH DATA ELEMENTS--GENERAL INFORMATION | |
| fixed length control field | 260407a1980 arg spa d |
| 003 - CONTROL NUMBER IDENTIFIER | |
| control field | AR-UNSa-BCEJYS |
| 040 ## - CATALOGING SOURCE | |
| Original cataloging agency | AR-UNSa-BCEJYS |
| Language of cataloging | spa |
| Transcribing agency | AR-UNSa-BCEJYS |
| 080 ## - UNIVERSAL DECIMAL CLASSIFICATION NUMBER | |
| Universal Decimal Classification number | 658.5 |
| Common auxiliary subdivision | Planificación y control de la producción<br/> |
| 020 ## - INTERNATIONAL STANDARD BOOK NUMBER | |
| International Standard Book Number | 968-18-0574-7 |
| 100 1# - MAIN ENTRY--PERSONAL NAME | |
| Personal name | Suárez, Eduardo L. |
| 245 10 - TITLE STATEMENT | |
| Title | Administración y Dirección Técnica de la producción |
| 250 ## - EDITION STATEMENT | |
| Edition statement | 4a. ed. |
| 264 #1 - PRODUCTION, PUBLICATION, DISTRIBUTION, MANUFACTURE, AND COPYRIGHT NOTICE | |
| Place of production, publication, distribution, manufacture | México : |
| Name of producer, publisher, distributor, manufacturer | Limusa-Wiley |
| Date of production, publication, distribution, manufacture, or copyright notice | 1980 |
| 300 ## - PHYSICAL DESCRIPTION | |
| Extent | 671 p. |
| Dimensions | 25 cm. |
| 505 ## - FORMATTED CONTENTS NOTE | |
| Formatted contents note | Parte uno: Introducción : 1. Pasado presente de la administración y de la producción las operaciones - 2. Las funciones y la función de producción – 3. El concepto de los sistemas -- Parte dos : Los métodos analíticos : 4. Los métodos analíticos en la administración de producción y las operaciones – 5. Datos de costos para la toma de decisiones – 6. Costos de capital y criterios de inversión – 7. Programación lineal – 8. Líneas de espera - - Parte tres : Diseño de sistemas de producción : 9. Diseño de procesos de producción – 10. Planeación de procesos – 11. Localización de la planta – 12. Distribución de las instalaciones físicas – 13. Diseños de tareas y sistemas hombre-maquina – 14. Normas de producción y medición del trabajo - - Parte cuatro : Planeación y control de las operaciones : 15. Sistemas de inventarios y de producción – 16. Pronósticos e inventarios – 17. Planes y programas agregados – 18. Programación y control de sistemas de alto volumen de producción – 19. Programación y control de sistemas intermitentes – 20. Planeación y control de los proyectos en gran escala – 21. Mantenimiento – 22. Control de calidad - - Parte cinco : Síntesis : 23. Administración de la producción y las operaciones-resumen - - Parte seis : Apéndice – tabla. |
| 590 ## - LOCAL NOTE (RLIN) | |
| Local note | niveau_biblio:m niveau_hierar:0 |
| 700 1# - ADDED ENTRY--PERSONAL NAME | |
| Personal name | Buffa, Elwood S. |
| 700 1# - ADDED ENTRY--PERSONAL NAME | |
| Personal name | Velazquez Mastretta, Gustavo |
| 942 ## - ADDED ENTRY ELEMENTS (KOHA) | |
| Koha item type | |
| Withdrawn status | Lost status | Damaged status | Not for loan | Home library | Current library | Shelving location | Date acquired | Total checkouts | Full call number | Barcode | Date last seen | Price effective from | Koha item type |
|---|---|---|---|---|---|---|---|---|---|---|---|---|---|
| Biblioteca Prof. Eusebio Cleto del Rey | Biblioteca Prof. Eusebio Cleto del Rey | 07/04/2026 | 658.5 B929a 4ed. | L44465 | 07/04/2026 | 07/04/2026 | Libro | ||||||
| Biblioteca Prof. Eusebio Cleto del Rey | Biblioteca Prof. Eusebio Cleto del Rey | 07/04/2026 | 658.5 B929a 4ed. | L44466 | 07/04/2026 | 07/04/2026 | Libro | ||||||
| Biblioteca Prof. Eusebio Cleto del Rey | Biblioteca Prof. Eusebio Cleto del Rey | 07/04/2026 | 658.5 B929a 4ed. | L13308 | 07/04/2026 | 07/04/2026 | Libro | ||||||
| Biblioteca Prof. Eusebio Cleto del Rey | Biblioteca Prof. Eusebio Cleto del Rey | 07/04/2026 | 658.5 B929a 4ed. | L13307 | 07/04/2026 | 07/04/2026 | Libro | ||||||
| Biblioteca Prof. Eusebio Cleto del Rey | Biblioteca Prof. Eusebio Cleto del Rey | 07/04/2026 | 658.5 B929a 4ed. | L13309 | 07/04/2026 | 07/04/2026 | Libro |